| 000 | 00660cam a2200229u 4500 | ||
|---|---|---|---|
| 001 | 17893 | ||
| 003 | BD-RjUL | ||
| 005 | 20211209000216.0 | ||
| 008 | 140227s1938 mau 000 1 eng d | ||
| 035 | _a(BD-RjUL)17951 | ||
| 040 |
_aDLC _cCarP _dDLC _dBD-RjUL _beng |
||
| 041 | _aeng | ||
| 082 | 0 | 0 |
_a813.5 _bPRN 1938 |
| 100 | 1 |
_aPrice, Margaret Evans, _d1888-1973. _955213 |
|
| 245 | 1 | 0 |
_aNight must end / _cMargaret Evans, Price, |
| 260 |
_aBoston, _bLittle, Brown and company, _c1938. |
||
| 300 |
_a4 p.l., [3]-322 p. ; _c20 cm. |
||
| 650 | 0 |
_a Night -- Juvenile fiction. _955214 |
|
| 942 |
_2ddc _cBK |
||
| 999 |
_c17893 _d17893 |
||